| 000 | 00693nam a2200193 i 4500 | ||
|---|---|---|---|
| 001 | 185250 | ||
| 003 | ES-MaACL | ||
| 005 | 20250902113855.0 | ||
| 007 | t| | ||
| 008 | 160426s1876 sp ||||1| spa d | ||
| 080 | _a72.0071.1(460)(058.7) | ||
| 245 | 0 | 0 |
_aLista de arquitectos publicada por la Sociedad Central _b: oficinas.- Sevilla, 14 Principal : 1876. |
| 260 |
_aMadrid : _b[s.n.], _c1876 ( _fImp. de José M. Ducazcal) |
||
| 300 |
_a24 p. ; _c22 cm. |
||
| 650 | 4 |
_aArquitectos- _zMadrid- _vDirectorios. _9155957 |
|
| 710 | 2 |
_aSociedad Central de Arquitectos _9134871 |
|
| 852 |
_aES-MaACL _jT-206-F-11 _z.- Enc. en un vol. facticio falto de la cub. original |
||
| 999 |
_c185250 _d185250 |
||